| 000 | 00922cam a2200205 4500500 | ||
|---|---|---|---|
| 005 | 20260201110728.0 | ||
| 041 | _afre | ||
| 042 | _adc | ||
| 100 | 1 | 0 |
_aBrami, Carole _eauthor |
| 245 | 0 | 0 | _aRéel du sexe, réalité de l'institution |
| 260 | _c2010. | ||
| 500 | _a14 | ||
| 520 | _aRésuméLa question de l’intime met en avant la notion de sujet. Dans une institution qui au travers de nouveaux référentiels théoriques en forclot l’idée, la place est faite aux figures du pire. Le discours de la science et celui du capitalisme s’unissent pour transformer une clinique de la rencontre en traitement du handicap psychique. | ||
| 690 | _aêtre vivant du sujet | ||
| 690 | _apulsion | ||
| 690 | _aréel | ||
| 690 | _ascience et scientisme | ||
| 786 | 0 | _nEmpan | 77 | 1 | 2010-05-17 | p. 91-94 | 1152-3336 | |
| 856 | 4 | 1 | _uhttps://shs.cairn.info/revue-empan-2010-1-page-91?lang=fr&redirect-ssocas=7080 |
| 999 |
_c1641401 _d1641401 |
||